000
00406nam a2200181Ia 4500
008
100917s9999 xx 000 0 und d
082
_b
17208
100
_a
---
245
_a
बीज गणित
260
_b
---
300
_a
148
365
_b
0
520
_a
गणित
630
_a
बीज गणित
650
_a
गणित
730
_a
बीज गणित
942
_c
BOOK
999
_c
622602
_d
622599